<?xml version="1.0" encoding="UTF-8"?>
<record
    xmlns:xsi="http://www.w3.org/2001/XMLSchema-instance"
    xsi:schemaLocation="http://www.loc.gov/MARC21/slim http://www.loc.gov/standards/marcxml/schema/MARC21slim.xsd"
    xmlns="http://www.loc.gov/MARC21/slim">

  <leader>01371    a2200157   4500</leader>
  <datafield tag="999" ind1=" " ind2=" ">
    <subfield code="c">25919</subfield>
    <subfield code="d">25919</subfield>
  </datafield>
  <datafield tag="020" ind1=" " ind2=" ">
    <subfield code="a">9780199481743</subfield>
  </datafield>
  <datafield tag="082" ind1=" " ind2=" ">
    <subfield code="a">320.954014</subfield>
    <subfield code="b">BAJ-S</subfield>
  </datafield>
  <datafield tag="100" ind1=" " ind2=" ">
    <subfield code="a">Bajpai,Anandita</subfield>
  </datafield>
  <datafield tag="245" ind1=" " ind2=" ">
    <subfield code="a">Speaking the nation: the oratorical making of secular, neoliberal India</subfield>
  </datafield>
  <datafield tag="260" ind1=" " ind2=" ">
    <subfield code="b">Oxford University Press</subfield>
    <subfield code="c">2018</subfield>
  </datafield>
  <datafield tag="300" ind1=" " ind2=" ">
    <subfield code="a">xv, 335p.</subfield>
  </datafield>
  <datafield tag="504" ind1=" " ind2=" ">
    <subfield code="a">Include Bibliography and Index</subfield>
  </datafield>
  <datafield tag="520" ind1=" " ind2=" ">
    <subfield code="a">Untangling the logical, lexical, and semantic patterns of the multiple official speeches of Indian prime ministers, Speaking the Nation gauges how the Indian state has been projected by different governments in different times, in the face of challenges from internal and external actors that put pressure on its leaders to safeguard their status as legitimate elites in power. It analyses how Indian nationhood is consistently reshaped and reaffirmed by invoking its secular ethos and practice, as well as the experience of market liberalization. The book calls for serious engagement with political oratory in India. A close reading of speeches since 1991--from Narasimha Rao to Narendra Modi--captured how, through these crosscutting topics, the prominent 'authors of the nation' and the 'vanguards of the state', speak India into being.</subfield>
  </datafield>
  <datafield tag="650" ind1=" " ind2=" ">
    <subfield code="a">Political oratory</subfield>
    <subfield code="v">Politics and government</subfield>
    <subfield code="v">Prime ministers</subfield>
    <subfield code="v">Economic development</subfield>
    <subfield code="v">Communication in politics</subfield>
    <subfield code="z">India</subfield>
  </datafield>
  <datafield tag="942" ind1=" " ind2=" ">
    <subfield code="2">ddc</subfield>
    <subfield code="c">BK</subfield>
  </datafield>
  <datafield tag="952" ind1=" " ind2=" ">
    <subfield code="0">0</subfield>
    <subfield code="1">0</subfield>
    <subfield code="4">0</subfield>
    <subfield code="7">0</subfield>
    <subfield code="a">NASSDOC</subfield>
    <subfield code="b">NASSDOC</subfield>
    <subfield code="d">2019-12-30</subfield>
    <subfield code="e">OP</subfield>
    <subfield code="g">653.35</subfield>
    <subfield code="i">2019-12-20</subfield>
    <subfield code="l">0</subfield>
    <subfield code="o">320.954014 BAJ-S</subfield>
    <subfield code="p">50738</subfield>
    <subfield code="r">2019-12-30 00:00:00</subfield>
    <subfield code="v">895.00</subfield>
    <subfield code="w">2019-12-30</subfield>
    <subfield code="y">BK</subfield>
  </datafield>
</record>
